| 000 | 00680nam a2200169Ia 4500 | ||
|---|---|---|---|
| 008 | 220216s9999 xx 000 0 und d | ||
| 100 | _aGeorge S. | ||
| 245 | 0 | _aEfficacy of slow release fertilisers for young rubber | |
| 260 |
_bIn: Plantation crops research and development in the new millennium: Placrosym XIV, 12-15 December 2000, Hyderabad, India. (Eds. P. Rethinam, H.H. Khan, V.M. Reddy, P.K. Mandal and K. Suresh). Coconut Development Board, Kochi, India, pp. 373-377. _c2002 |
||
| 650 | _aControlled release fertilizer | ||
| 650 | _aGrowth | ||
| 650 | _aMineralization | ||
| 650 | _aYoung rubber | ||
| 700 | _aPunnoose K.I. | ||
| 700 | _aSyamala V.K. | ||
| 942 | _cBS | ||
| 999 |
_c52450 _d52450 |
||